000 00438nam a2200181Ia 4500
001 22477
005 20260414150834.0
008 260414t2008||||xx |||||||||||||| ||spa||
041 _aESP
082 _a621.3815322
_bB15
100 _aBáez López, David
_eAUT
245 0 _aAnálisis de circuitos con PSpice
_b
260 _c2008
300 _a322 páginas :
_c23 cm.
650 _aTCA
654 _aCET
942 _cLIB
_dJUS
_fJUS
_2ddc
_n
999 _c22477
_d22477